• España

di Geographic Name

Records bibliografici associati: 1

001 - CONTROL NUMBER

  • control field: 19692

003 - CONTROL NUMBER IDENTIFIER

  • control field: IT-RoINE

005 - DATE AND TIME OF LATEST TRANSACTION

  • control field: 20161219102208.0

008 - FIXED-LENGTH DATA ELEMENTS

  • fixed length control field: 150608|| aca||aabn | a|a d

040 ## - CATALOGING SOURCE

  • Original cataloging agency: IT-RoINE
  • Transcribing agency: IT-RoINE

151 ## - HEADING--GEOGRAPHIC NAME

  • Geographic name: España
  • General subdivision: Historia militar
  • Chronological subdivision: 1936-1939 (Guerra civil)

670 ## - SOURCE DATA FOUND

  • Source citation: Work cat.: (IT-RoINE)0: Salas Larrazábal, Ramón, 16605 1916-1993, Historia general de la guerra de España /, 2006.